[Event "Khanty-Mansiysk Governor Cup-B 5th"]
[Site "Khanty-Mansiysk"]
[Date "2009.11.28"]
[Round "5"]
[White "Pranizin, Gennady"]
[Black "Korotkova, Ekaterina"]
[Result "1/2-1/2"]
[WhiteElo "2145"]
[BlackElo "2028"]
[PlyCount "85"]
[EventDate "2009.11.24"]
[EventType "swiss"]
[EventRounds "11"]
[EventCountry "RUS"]
[SourceTitle "EXT 2011"]
[Source "ChessBase"]
[SourceDate "2010.11.26"]
[SourceVersion "1"]
[SourceVersionDate "2010.11.26"]
[SourceQuality "1"]

1. e4 e5 2. Nf3 Nc6 3. Bb5 a6 4. Bxc6 dxc6 5. 0-0 Qd6 6. d4 exd4 7. Nxd4 Bd7 8. Bg5 Qg6 9. Bh4 Bd6 10. Nc3 Nh6 11. e5 Bc5 12. Nce2 Qg4 13. Nf3 Nf5 14. h3 Qc4 15. Bg3 Nxg3 16. Nxg3 0-0-0 17. Qe1 h6 18. a3 Bb6 19. Rc1 g5 20. b3 Qe6 21. c4 Bc5 22. b4 Be7 23. Nd4 Qg6 24. b5 c5 25. e6 cxd4 26. exd7+ Rxd7 27. Qe5 Rhd8 28. Nf5 Qe6 29. Rfe1 Qxe5 30. Rxe5 Bf6 31. bxa6 bxa6 32. Ra5 Kb7 33. c5 Ka7 34. Rc4 Rd5 35. Rca4 Kb7 36. c6+ Kc8 37. Rxa6 Rb5 38. Ra8+ Rb8 39. Rxb8+ Kxb8 40. Rb4+ Ka8 41. Ra4+ Kb8 42. Rb4+ Ka8 43. Ra4+ 1/2-1/2

[Event "Berdsk Maestro op 15th"]
[Site "Berdsk"]
[Date "2009.07.09"]
[Round "2"]
[White "Yakimov, S Yu"]
[Black "Korotkova, Ekaterina"]
[Result "1-0"]
[WhiteElo "2207"]
[BlackElo "2038"]
[PlyCount "124"]
[EventDate "2009.07.08"]
[EventType "swiss"]
[EventRounds "9"]
[EventCountry "RUS"]
[SourceTitle "EXT 2022"]
[Source "ChessBase"]
[SourceDate "2021.10.06"]
[SourceVersion "1"]
[SourceVersionDate "2021.10.06"]
[SourceQuality "1"]

1. d4 Nf6 2. Nf3 g6 3. Bf4 Bg7 4. Nc3 0-0 5. Qd2 d6 6. Bh6 c5 7. Bxg7 Kxg7 8. e3 Bf5 9. Be2 Nc6 10. 0-0 Qb6 11. d5 Nb4 12. Rfc1 e6 13. dxe6 fxe6 14. a3 Na6 15. Nh4 Nc7 16. Nxf5+ exf5 17. Bf3 Rad8 18. b4 c4 19. Bd5 Ncxd5 20. Nxd5 Qc6 21. Rd1 Qxd5 22. Qxd5 Nxd5 23. Rxd5 Kf6 24. Rad1 Ke6 25. f3 Rf7 26. e4 fxe4 27. fxe4 a6 28. a4 Rf4 29. e5 Rf5 30. Rxd6+ Rxd6 31. exd6 Kd7 32. a5 Rf4 33. c3 h6 34. Rd2 g5 35. h3 Kd8 36. d7 Rf7 37. Rd4 Rxd7 38. Rxc4 Ke7 39. Kf2 Kf6 40. Ke3 Ke5 41. Re4+ Kf5 42. Rd4 Rc7 43. Kd3 Ke5 44. c4 Rf7 45. Re4+ Kd6 46. Ke2 Rf6 47. g3 Kd7 48. Re3 Kd6 49. Rf3 Re6+ 50. Kd3 Kd7 51. Rf7+ Kc6 52. Kd4 Rd6+ 53. Ke4 Re6+ 54. Kd4 Rd6+ 55. Kc3 Re6 56. Rf3 h5 57. Kd4 Rg6 58. Rf5 h4 59. g4 Rd6+ 60. Rd5 Rg6 61. Ke5 b6 62. axb6 Kxb6 1-0

[Event "Novosibirsk op"]
[Site "Novosibirsk"]
[Date "2009.02.12"]
[Round "4"]
[White "Korotkova, Ekaterina"]
[Black "Kuzmin, Sergei"]
[Result "1-0"]
[WhiteElo "2038"]
[BlackElo "2098"]
[PlyCount "71"]
[EventDate "2009.02.07"]
[EventType "swiss"]
[EventRounds "9"]
[EventCountry "RUS"]
[SourceTitle "EXT 2012"]
[Source "ChessBase"]
[SourceDate "2011.11.24"]
[SourceVersion "1"]
[SourceVersionDate "2011.11.24"]
[SourceQuality "1"]

1. e4 c5 2. Nc3 Nc6 3. g3 d6 4. Bg2 Nf6 5. d3 e5 6. Nh3 Bg4 7. f3 Be6 8. 0-0 Qb6 9. f4 c4+ 10. Kh1 cxd3 11. Qxd3 Qd4 12. Rd1 Qxd3 13. Rxd3 Bc4 14. Rd2 Nd4 15. b3 Ba6 16. Nd1 Rc8 17. c3 Ne6 18. Bb2 Ng4 19. Ng5 Nc5 20. Bh3 h5 21. Ne3 f6 22. Nxg4 hxg4 23. Bxg4 Rc6 24. b4 fxg5 25. bxc5 gxf4 26. gxf4 exf4 27. Ba3 Rh4 28. Bf5 Rh6 29. Rad1 f3 30. cxd6 Kd8 31. e5 Rxc3 32. Bb4 Re3 33. Rc2 b6 34. d7 Bc5 35. Bxc5 Rxe5 36. Be7+ 1-0

[Event "Novosibirsk op"]
[Site "Novosibirsk"]
[Date "2009.02.07"]
[Round "1"]
[White "Korotkova, Ekaterina"]
[Black "Stavskaya, Olga"]
[Result "1/2-1/2"]
[WhiteElo "2038"]
[BlackElo "2057"]
[PlyCount "40"]
[EventDate "2009.02.07"]
[EventType "swiss"]
[EventRounds "9"]
[EventCountry "RUS"]
[SourceTitle "EXT 2012"]
[Source "ChessBase"]
[SourceDate "2011.11.24"]
[SourceVersion "1"]
[SourceVersionDate "2011.11.24"]
[SourceQuality "1"]

1. e4 c5 2. Nc3 Nc6 3. g3 g6 4. Bg2 Bg7 5. d3 d6 6. Be3 e6 7. f4 Nge7 8. Nf3 0-0 9. 0-0 Nd4 10. Rb1 Rb8 11. Ne2 Nec6 12. c3 Nxf3+ 13. Bxf3 b5 14. d4 c4 15. d5 exd5 16. exd5 Ne7 17. Bxa7 Ra8 18. Bd4 Rxa2 19. Bxg7 Kxg7 20. Nd4 Qb6 1/2-1/2

[Event "Khanty-Mansiysk Governor Cup-B 4th"]
[Site "Khanty-Mansiysk"]
[Date "2008.10.22"]
[Round "10"]
[White "Korotkova, Ekaterina"]
[Black "Purtov, Konstantin"]
[Result "1-0"]
[WhiteElo "2016"]
[BlackElo "1763"]
[PlyCount "61"]
[EventDate "2008.10.15"]
[EventType "swiss"]
[EventRounds "11"]
[EventCountry "RUS"]
[SourceTitle "EXT 2022"]
[Source "ChessBase"]
[SourceDate "2021.10.06"]
[SourceVersion "1"]
[SourceVersionDate "2021.10.06"]
[SourceQuality "1"]

1. e4 c5 2. Nc3 d6 3. g3 Nc6 4. Bg2 Nf6 5. d3 g6 6. f4 Bg4 7. Qd2 Qc8 8. h3 Bd7 9. Nf3 Nh5 10. Qf2 Bg7 11. g4 Bd4 12. Nxd4 cxd4 13. Ne2 Nb4 14. Nxd4 Qc5 15. a3 Qxd4 16. axb4 Qxf2+ 17. Kxf2 Ng7 18. Be3 a6 19. Ra5 0-0 20. Rha1 Rac8 21. c3 h5 22. gxh5 Nxh5 23. Rg5 Ng7 24. h4 Kh7 25. Bf3 f6 26. Rg2 e5 27. Rag1 Be8 28. f5 g5 29. hxg5 Bb5 30. gxf6 Rxf6 31. Rxg7+ 1-0

[Event "Khanty-Mansiysk Governor Cup-B 4th"]
[Site "Khanty-Mansiysk"]
[Date "2008.10.20"]
[Round "8"]
[White "Korotkova, Ekaterina"]
[Black "Sedenko, Anatoly Ivanovich"]
[Result "0-1"]
[WhiteElo "2016"]
[BlackElo "2055"]
[PlyCount "67"]
[EventDate "2008.10.15"]
[EventType "swiss"]
[EventRounds "11"]
[EventCountry "RUS"]
[SourceTitle "EXT 2022"]
[Source "ChessBase"]
[SourceDate "2021.10.06"]
[SourceVersion "1"]
[SourceVersionDate "2021.10.06"]
[SourceQuality "1"]

1. e4 c5 2. Nc3 Nc6 3. g3 g6 4. Bg2 Bg7 5. d3 d6 6. Be3 Nf6 7. h3 0-0 8. f4 Nd4 9. Nce2 e5 10. c3 exf4 11. Nxf4 Nc6 12. Nf3 Re8 13. 0-0 c4 14. Nd4 Ne5 15. Bc1 cxd3 16. Nxd3 Qb6 17. Rf2 Bd7 18. Bg5 Nh5 19. Nb4 Nxg3 20. Nd5 Qc5 21. Bh4 Nh5 22. Bf3 Nxf3+ 23. Qxf3 Rf8 24. Nb3 Qc4 25. Be7 Be5 26. Raf1 Be6 27. Nd2 Qxa2 28. b3 Bxd5 29. exd5 Qa5 30. Ne4 Qxd5 31. Bxf8 Rxf8 32. c4 Qc6 33. Rd1 Qb6 34. Kh1 0-1

[Event "Sibiria Region-ch (Women)"]
[Site "Novokuznetsk"]
[Date "2008.03.19"]
[Round "7"]
[White "Korotkova, Ekaterina"]
[Black "Khlichkova, Tatiana"]
[Result "1-0"]
[WhiteElo "2018"]
[BlackElo "1976"]
[PlyCount "81"]
[EventDate "2008.03.13"]
[EventType "swiss"]
[EventRounds "9"]
[EventCountry "RUS"]
[SourceTitle "CBM 123 Extra"]
[Source "ChessBase"]
[SourceDate "2008.05.06"]
[SourceVersion "1"]
[SourceVersionDate "2008.05.06"]
[SourceQuality "1"]

1. d4 f5 2. g3 Nf6 3. Bg2 g6 4. c4 Bg7 5. Nf3 0-0 6. 0-0 c6 7. Nc3 d6 8. Qc2 Kh8 9. b3 Qc7 10. Rd1 Nbd7 11. Bb2 a6 12. Rac1 e5 13. dxe5 dxe5 14. Ba3 c5 15. Nd5 Qa5 16. Bb2 Nxd5 17. Rxd5 Re8 18. Rcd1 Qc7 19. Qc3 Rb8 20. Bh3 b5 21. cxb5 axb5 22. e4 Re7 23. exf5 Bb7 24. Rd6 e4 25. Qxg7+ Rxg7 26. Bxg7+ Kg8 27. Rxd7 Qb6 28. Be5 e3 29. Bxb8 exf2+ 30. Kxf2 c4+ 31. Kf1 Bc6 32. Rd8+ Kg7 33. Be5+ Kh6 34. Bf4+ Kg7 35. f6+ Kxf6 36. R8d6+ Kg7 37. Ne5 cxb3 38. axb3 b4 39. Rxc6 Qb5+ 40. Kf2 g5 41. Rd7+ 1-0

[Event "Sibiria Region-ch (Women)"]
[Site "Novokuznetsk"]
[Date "2008.03.18"]
[Round "6"]
[White "Novikova, Anna"]
[Black "Korotkova, Ekaterina"]
[Result "1/2-1/2"]
[WhiteElo "2256"]
[BlackElo "2018"]
[PlyCount "68"]
[EventDate "2008.03.13"]
[EventType "swiss"]
[EventRounds "9"]
[EventCountry "RUS"]
[SourceTitle "CBM 123 Extra"]
[Source "ChessBase"]
[SourceDate "2008.05.06"]
[SourceVersion "1"]
[SourceVersionDate "2008.05.06"]
[SourceQuality "1"]

1. d4 Nf6 2. Nf3 g6 3. Nc3 Bg7 4. e4 d6 5. h3 c6 6. a4 0-0 7. a5 e5 8. dxe5 dxe5 9. Be3 Qe7 10. Bc4 Qb4 11. Qd3 Nbd7 12. Ra4 Qe7 13. b4 Kh8 14. g4 Ne8 15. h4 h6 16. Qd2 Nd6 17. Bb3 Kh7 18. Ng5+ hxg5 19. hxg5+ Kg8 20. f3 Rd8 21. Ra1 Nf8 22. Bc5 b6 23. axb6 axb6 24. Rxa8 bxc5 25. bxc5 Nxe4 26. Qxd8 Qxd8 27. Nxe4 Qd4 28. Rxc8 Qa1+ 29. Ke2 Qxh1 30. Rxc6 Qg2+ 31. Ke3 Qg1+ 32. Ke2 Qg2+ 33. Ke3 Qg1+ 34. Ke2 Qg2+ 1/2-1/2

[Event "Novosibirsk Elo"]
[Site "Novosibirsk"]
[Date "2008.02.19"]
[Round "9"]
[White "Ziangirov, Oleg"]
[Black "Korotkova, Ekaterina"]
[Result "1-0"]
[WhiteElo "1954"]
[BlackElo "2018"]
[PlyCount "91"]
[EventDate "2008.02.09"]
[EventType "tourn"]
[EventRounds "11"]
[EventCountry "RUS"]
[SourceTitle "EXT 2009"]
[Source "ChessBase"]
[SourceDate "2008.11.26"]
[SourceVersion "1"]
[SourceVersionDate "2008.11.26"]
[SourceQuality "1"]

1. e4 e5 2. Nf3 Nc6 3. Bb5 f5 4. Nc3 fxe4 5. Nxe4 Nf6 6. Qe2 d6 7. d4 Bd7 8. 0-0 Qe7 9. Bg5 0-0-0 10. d5 Nb8 11. a4 h6 12. Bxf6 gxf6 13. Bxd7+ Rxd7 14. Nh4 Rg8 15. Qf3 Bg7 16. c4 Rdd8 17. b4 Nd7 18. a5 Bh8 19. Nf5 Qh7 20. c5 dxc5 21. bxc5 Nf8 22. a6 b6 23. d6 Ng6 24. Nxf6 Bxf6 25. Qb7+ Kd7 26. Qxc7+ Ke6 27. Qxh7 Kxf5 28. cxb6 Rg7 29. Qxh6 Rh8 30. Qe3 Nf4 31. g3 axb6 32. Ra4 Nh3+ 33. Kg2 Bg5 34. Qf3+ Nf4+ 35. Rxf4+ Bxf4 36. Kh1 Rgh7 37. h4 Ke6 38. gxf4 Rxh4+ 39. Kg2 Rxf4 40. Qb3+ Kf5 41. Qf7+ Ke4 42. Re1+ Kd4 43. Rd1+ Ke4 44. Qg6+ Rf5 45. Re1+ Kf4 46. Qg3# 1-0

[Event "Novosibirsk Elo"]
[Site "Novosibirsk"]
[Date "2008.02.14"]
[Round "5"]
[White "Kuzmin, Sergei"]
[Black "Korotkova, Ekaterina"]
[Result "1/2-1/2"]
[WhiteElo "2126"]
[BlackElo "2018"]
[PlyCount "22"]
[EventDate "2008.02.09"]
[EventType "tourn"]
[EventRounds "11"]
[EventCountry "RUS"]
[SourceTitle "EXT 2009"]
[Source "ChessBase"]
[SourceDate "2008.11.26"]
[SourceVersion "1"]
[SourceVersionDate "2008.11.26"]
[SourceQuality "1"]

1. e4 e5 2. Nf3 Nc6 3. Bb5 a6 4. Ba4 Nf6 5. 0-0 Be7 6. Re1 b5 7. Bb3 d6 8. c3 0-0 9. h3 Na5 10. Bc2 c5 11. d4 Nc6 1/2-1/2

[Event "Novosibirsk Elo"]
[Site "Novosibirsk"]
[Date "2008.02.12"]
[Round "3"]
[White "Khoroshev, Sergey"]
[Black "Korotkova, Ekaterina"]
[Result "1-0"]
[WhiteElo "2152"]
[BlackElo "2018"]
[PlyCount "77"]
[EventDate "2008.02.09"]
[EventType "tourn"]
[EventRounds "11"]
[EventCountry "RUS"]
[SourceTitle "EXT 2009"]
[Source "ChessBase"]
[SourceDate "2008.11.26"]
[SourceVersion "1"]
[SourceVersionDate "2008.11.26"]
[SourceQuality "1"]

1. d4 Nf6 2. c4 g6 3. Nc3 Bg7 4. e4 d6 5. f3 0-0 6. Bg5 h6 7. Be3 e5 8. d5 Nh5 9. g4 Nf4 10. Nge2 f5 11. gxf5 gxf5 12. Qd2 Nxe2 13. Bxe2 f4 14. Bf2 Nd7 15. 0-0-0 Rf7 16. Rhg1 Nf8 17. c5 Bd7 18. Kb1 Qe7 19. Bc4 Kh7 20. c6 bxc6 21. dxc6 Be6 22. Ba6 Bc8 23. Bxc8 Rxc8 24. Bxa7 Ra8 25. Nb5 Ne6 26. Qd5 Qe8 27. Rd3 Bf6 28. a4 Bh4 29. Rg4 Be1 30. Rd1 Bb4 31. Rdg1 Qe7 32. Qc4 Bc5 33. Bxc5 Nxc5 34. Nc3 Qe6 35. Nd5 Nxa4 36. Qc2 Nc5 37. Qg2 Rff8 38. Rg7+ Kh8 39. Rh7+ 1-0

[Event "Novosibirsk Elo"]
[Site "Novosibirsk"]
[Date "2008.02.09"]
[Round "1"]
[White "Korotkova, Ekaterina"]
[Black "Tyu, Nikolai"]
[Result "0-1"]
[WhiteElo "2018"]
[BlackElo "2057"]
[PlyCount "80"]
[EventDate "2008.02.09"]
[EventType "tourn"]
[EventRounds "11"]
[EventCountry "RUS"]
[SourceTitle "EXT 2009"]
[Source "ChessBase"]
[SourceDate "2008.11.26"]
[SourceVersion "1"]
[SourceVersionDate "2008.11.26"]
[SourceQuality "1"]

1. e4 d5 2. exd5 Qxd5 3. Nc3 Qd6 4. Nf3 Nf6 5. Be2 a6 6. 0-0 Nc6 7. d3 Bf5 8. Be3 e6 9. h3 h6 10. Re1 Be7 11. Bf1 g5 12. Nd2 g4 13. Nce4 Bxe4 14. Nxe4 Nxe4 15. dxe4 gxh3 16. Qxd6 Bxd6 17. gxh3 0-0-0 18. Be2 Nb4 19. Rec1 f5 20. c3 Nc6 21. exf5 exf5 22. Rd1 Rde8 23. Bh5 Re4 24. Bf3 Rg8+ 25. Kf1 Re7 26. Bxc6 bxc6 27. Bd4 c5 28. Bf6 Re6 29. Bh4 Re4 30. Bg3 Bxg3 31. fxg3 Rxg3 32. Kf2 Rxh3 33. Rd5 Rf4+ 34. Kg2 Rh5 35. Kg3 Rg4+ 36. Kf3 Rh3+ 37. Kf2 f4 38. Rf5 h5 39. Re1 Rh2+ 40. Kf3 Rxb2 0-1

[Event "Khanty-Mansiysk Governor Cup"]
[Site "Khanty-Mansiysk"]
[Date "2007.11.29"]
[Round "8"]
[White "Tolstikh, Nikolay"]
[Black "Korotkova, Ekaterina"]
[Result "1-0"]
[WhiteElo "2398"]
[BlackElo "2028"]
[PlyCount "49"]
[EventDate "2007.11.21"]
[EventType "swiss"]
[EventRounds "9"]
[EventCountry "RUS"]
[SourceTitle "CBM 121 Extra"]
[Source "ChessBase"]
[SourceDate "2008.01.10"]
[SourceVersion "1"]
[SourceVersionDate "2008.01.10"]
[SourceQuality "1"]

1. Nf3 Nf6 2. c4 g6 3. Nc3 Bg7 4. e4 d6 5. d4 0-0 6. Be2 Nbd7 7. 0-0 e5 8. Be3 Qe7 9. Qc2 c6 10. Rad1 Re8 11. d5 c5 12. g3 h6 13. Nh4 Nh7 14. a3 Ng5 15. b4 b6 16. Rb1 Bf6 17. Ng2 Nh3+ 18. Kh1 g5 19. Bg4 Nf8 20. Qe2 Bxg4 21. Qxg4 Qd7 22. Qh5 Kg7 23. Nh4 gxh4 24. Qxh6+ Kg8 25. Qxf6 1-0